Kogo pamiętasz z jedenastki? - Statystyki

Ogólne statystyki
  • Ten quiz został rozwiązany 20 razy
  • Średni wynik to 6 z 30
Statystyki odpowiedzi
Hint Odpowiedź % Poprawnych
Złote Jastrzębie,Atletico,Ofensywny Pomocnik Gabriel Moretti
93%
Złote Jastrzębie,Juventus,Napastnik Lorenzo Guevara
64%
Złote Jastrzębie,Środkowy Obrońca Andre Duarte
50%
Złote jastrzębie,Cesarskie orły,Juventus,bramkarz Ezeqiuel Correa
50%
Złote Jastrzębie,Cofnięty Napastnik Ricardo Flores
50%
Złote Jastrzębie,Rekiny,Cesarskie Orły,Defensywny Pomocnik Camilo Montero
43%
Złote Jastrzębie,Środkowy Obrońca Lucas Quintana
29%
Złote Jastrzębie,Lewy Pomocnik Pablo Espiga
29%
Złote jastrzębie,Napastnik Alfa
21%
Złote Jastrzębie,Prawy Pomocnik Mariano Gallo
21%
Złote jastrzębie,bramkarz Valentino Toledo
21%
Złote jastrzębie,Napastnik Arturo Garrido
14%
Złote Jastrzębie,Prawy Obrońca Daniel Gratzia
14%
Cesarskie Orły,Napastnik Felipe Aragon
14%
Cesarskie Orły,Ofensywny Pomocnik Julian Vidal
14%
Złote jastrzębie,bramkarz Rafael Fierro
14%
Złote Jastrzębie,Defensywny Pomocnik Adrian Roca
7%
Złote jastrzębie,Skorpiony,Lewy Obrońca Leo Palacios
7%
Złote jastrzębie,bramkarz Ramiro
7%
Zielono czarni, Ofensywny pomocnik Ulisses Zabaleta
7%
Złote Jastrzębie,Lewy Pomocnik "Czternastka" Apolodoros Nikopadopoulos
0%
Złote jastrzębie,Ofensywny Pomocnik Fernando Guzman
0%
Złote jastrzębie,Napastnik Gaston
0%
Złote jastrzębie,Środkowy Obrońca Lautaro
0%
Złote Jastrzębie,Środkowy Obrońca Manuel Gauno
0%
Złote Jastrzębie,Ofensywny Pomocnik,Lewy Pomocnik Martin Meija
0%
Złote jastrzębie,Lewy Pomocnik Matias
0%
Juventus,Napastnik Pietro
0%
Złote jastrzębie,Prawy Pomocnik Tobias
0%
Złote Jastrzębie, Defensywny pomocnik Tristan
0%
Nie znaleziono quizów pasujących do podanych kryteriów
Rozkład punktacji
Procent ludzi z każdym wynikiem
Percentyl według liczby udzielonych odpowiedzi
Twoja historia wyników
Nie rozwiązałeś tego quizu